A taste of danger / (Record no. 2630)

MARC details
000 -LEADER
fixed length control field 01087cam a2200301 a 4500
005 - DATE AND TIME OF LATEST TRANSACTION
control field 20240105134412.0
020 ## - INTERNATIONAL STANDARD BOOK NUMBER
International Standard Book Number 0689861540
020 ## - INTERNATIONAL STANDARD BOOK NUMBER
International Standard Book Number 076714004993
040 ## - CATALOGING SOURCE
Original cataloging agency DLC
Transcribing agency DLC
Modifying agency DLC
Language of cataloging eng
050 00 - LIBRARY OF CONGRESS CALL NUMBER
Classification number PZ7.K23
Item number Tas 2003
082 00 - DEWEY DECIMAL CLASSIFICATION NUMBER
Classification number 813.52
Edition number 22
100 1# - MAIN ENTRY--PERSONAL NAME
Personal name Keene, Carolyn
245 12 - TITLE STATEMENT
Title A taste of danger /
Statement of responsibility, etc. Carolyn Keene
250 ## - EDITION STATEMENT
Edition statement First Aladdin Paerbacks edition September 2003
260 ## - PUBLICATION, DISTRIBUTION, ETC.
Place of publication, distribution, etc. New York :
Name of publisher, distributor, etc. Aladdin Paperbacks,
Date of publication, distribution, etc. 2003
300 ## - PHYSICAL DESCRIPTION
Extent 169 pages ;
Dimensions 20 cm
490 1# - SERIES STATEMENT
Series statement Nancy Drew mystery stories :
Volume/sequential designation Book 174
505 ## - FORMATTED CONTENTS NOTE
Formatted contents note M
520 ## - SUMMARY, ETC.
Summary, etc. While staying at the Gourmet Getaway, a resort in Massachusetts' Berkshire mountains, Nancy and her friends, Beth, George, and Hannah, investigate the mysterious series of events that threaten to sabotage the resort's grand opening.
521 1# - TARGET AUDIENCE NOTE
Target audience note 700
Source Lexile estimate
521 1# - TARGET AUDIENCE NOTE
Target audience note M
Source Raz-Plus
650 #1 - SUBJECT ADDED ENTRY--TOPICAL TERM
Topical term or geographic name entry element Hotels, motels, etc.
Form subdivision Fiction.
650 #1 - SUBJECT ADDED ENTRY--TOPICAL TERM
Topical term or geographic name entry element Cooking
Form subdivision Fiction.
650 #1 - SUBJECT ADDED ENTRY--TOPICAL TERM
Topical term or geographic name entry element Mystery and detective stories.
906 ## - LOCAL DATA ELEMENT F, LDF (RLIN)
a 7
b cbc
c orignew
d 2
e epcn
f 20
g y-gencatlg
942 ## - ADDED ENTRY ELEMENTS (KOHA)
Source of classification or shelving scheme Dewey Decimal Classification
Koha item type Books
Suppress in OPAC No
999 ## -
-- 2630
-- 2630
Holdings
Withdrawn status Lost status Source of classification or shelving scheme Damaged status Not for loan Collection Home library Current library Shelving location Date acquired Total Checkouts Full call number Barcode Date last seen Price effective from Koha item type
    Dewey Decimal Classification     Juvenile Fiction Footprints International School Library Network Toul Kork Campus Footprints International School Library Network Toul Tom Poung Campus   01/05/2024   KEE 813.52 PZ7.K23 FIS00623 06/17/2025 01/05/2024 Books